000 00347cam a2200121 4500500
005 20251012003850.0
041 _afre
042 _adc
100 1 0 _aMichaud, Yves
_eauthor
245 0 0 _aLe Globe : N°15
260 _bOdile Jacob,
_c2002.
856 4 1 _uhttps://shs.cairn.info/le-globe--9782738111104?lang=fr&redirect-ssocas=7080
999 _c1513493
_d1513493